00369nam a2200157Ia 4500008004100000020001800041245001700059245004100076260001500117260001600132260000900148300001400157300002200171300001000193500000800203170705s9999 xx 000 0 und d a9780545235013 aDoctor Ted / cby Andrea Beaty and Pascal Lemaitre. aNew York : bScholastic, c2008 aunpaged : bchiefly colored ; c25cm. a390